00318nam a2200109Ia 4500008004000000082001600040100002900056245006700085260003500152300001300187650000800200210210b2003 xxu||||| |||| 00| 0 eng d a574.02 RAJB aRAJENDRA (K) and Others. aBiology tutor for II PU annual exams and common entrance test. aMangalorebNot Mentionedc2003 aZ419,M59 aCET